000 00935nam a2200229 a 4500
001 000026026
005 20200930024236.0
008 110217s1975 it abc r 000 | spa d
020 _a8400041283
040 _aDO-SdBNP
_bspa
_cBNPHU
041 _aspa
_heng
_2Código de idioma MARC
082 _aNNN
_bA189e
100 1 _aAcuña Fernández, Paloma
_952937
245 1 0 _aEsculturas militares romanas de España y Portugal /
_cPaloma Acuña Fernández.
260 _aRoma :
_bConsejo Superior de Investigaciones Científicas, Delegación de Roma,
_c1975.
300 _a139, lxxvi p. :
_bil. , mapas, retrs. ;
_c25 cm.
490 1 _aBiblioteca de la Escuela Española de Historia y Arqueología en Roma
_v16.
505 _gt.1
_tLas esculturas thoracatas
500 _aIncluye referencia bibliografía al pie de páginas
830 0 _aBiblioteca de la Escuela Española de Historia y Arqueología en Roma ,
_v16
_952938
049 _aBNGR
999 _c25518
_d25518